[Event "Kettler Cup rap"]
[Site "Ceska Trebova"]
[Date "1997.??.??"]
[Round "5"]
[White "Kortschnoj, Viktor Lvovich"]
[Black "Kavalek, Lubomir"]
[Result "1-0"]
[WhiteElo "2635"]
[BlackElo "2525"]
[PlyCount "75"]
[EventDate "1997.??.??"]
[EventType "tourn (rapid)"]
[EventRounds "6"]
[EventCountry "CZE"]
[SourceTitle "EXT 1998"]
[Source "ChessBase"]
[SourceDate "1997.11.17"]
[SourceVersion "1"]
[SourceVersionDate "1997.11.17"]
[SourceQuality "1"]

1. d4 Nf6 2. c4 c5 3. Nf3 cxd4 4. Nxd4 e6 5. g3 Qc7 6. Nd2 Nc6 7. Nb5 Qb8 8.
Bg2 a6 9. Nc3 b5 10. O-O Be7 11. e4 O-O 12. b3 Bb7 13. Bb2 Ne5 14. Qe2 bxc4 15.
bxc4 d6 16. f4 Ned7 17. Ba3 Qa7+ 18. Kh1 Nc5 19. Nb3 Rad8 20. Nxc5 dxc5 21.
Rab1 Ba8 22. e5 Nd7 23. Bxa8 Qxa8+ 24. Qe4 Qxe4+ 25. Nxe4 Rb8 26. Rfd1 Nb6 27.
Nxc5 Rfe8 28. Nxa6 Bxa3 29. Nxb8 Nxc4 30. Na6 f6 31. exf6 Nb2 32. Rdc1 Ra8 33.
Nc7 Ra5 34. Nxe6 gxf6 35. Rc3 Kf7 36. Nd8+ Kg6 37. Nc6 Ra4 38. Rxa3 1-0

[Event "SUI-chT"]
[Site "Switzerland"]
[Date "1997.??.??"]
[Round "?"]
[White "King, Daniel J"]
[Black "Kortschnoj, Viktor Lvovich"]
[Result "0-1"]
[WhiteElo "2535"]
[BlackElo "2635"]
[PlyCount "50"]
[EventDate "1997.??.??"]
[EventType "team-tourn"]
[EventRounds "9"]
[EventCountry "SUI"]
[SourceTitle "EXT 1999"]
[Source "ChessBase"]
[SourceDate "1998.11.16"]
[SourceVersion "1"]
[SourceVersionDate "1998.11.16"]
[SourceQuality "1"]

1. c4 e6 2. g3 d5 3. Bg2 Nf6 4. Nf3 dxc4 5. Qa4+ Nbd7 6. Qxc4 c5 7. O-O b6 8.
b3 Bb7 9. Bb2 Be7 10. d3 a6 11. Nbd2 b5 12. Qc2 O-O 13. Rac1 Nd5 14. a3 a5 15.
e4 N5b6 16. a4 bxa4 17. bxa4 Nb8 18. Nc4 Nxc4 19. Qxc4 Nc6 20. Rfd1 Ba6 21. Qc3
e5 22. Nxe5 Nxe5 23. f4 Bxd3 24. fxe5 c4 25. Qe1 Qb6+ 0-1

[Event "SUI-chT"]
[Site "Switzerland"]
[Date "1997.??.??"]
[Round "?"]
[White "Renet, Olivier"]
[Black "Kortschnoj, Viktor Lvovich"]
[Result "0-1"]
[WhiteElo "2505"]
[BlackElo "2635"]
[PlyCount "66"]
[EventDate "1997.??.??"]
[EventType "team-tourn"]
[EventRounds "9"]
[EventCountry "SUI"]
[SourceTitle "EXT 1999"]
[Source "ChessBase"]
[SourceDate "1998.11.16"]
[SourceVersion "1"]
[SourceVersionDate "1998.11.16"]
[SourceQuality "1"]

1. e4 e6 2. d4 d5 3. Nc3 Bb4 4. exd5 exd5 5. Bd3 Nc6 6. a3 Be7 7. Bf4 Be6 8.
Nf3 Bf6 9. h3 Nge7 10. Ne2 Qd7 11. c3 Bf5 12. O-O Bxd3 13. Qxd3 O-O-O 14. Ng3
Ng6 15. Bd2 h5 16. Rfe1 Na5 17. Rad1 Nc4 18. Bc1 h4 19. Nf1 Rhe8 20. b3 Nd6 21.
Rxe8 Rxe8 22. c4 Qc6 23. c5 Ne4 24. b4 Qa4 25. Re1 Re6 26. Be3 c6 27. N3d2 Ne7
28. f3 Nxd2 29. Nxd2 g6 30. Rb1 Nf5 31. Bf2 Qb5 32. Qxb5 cxb5 33. Nb3 Re2 0-1

[Event "SUI-chT"]
[Site "Switzerland"]
[Date "1997.??.??"]
[Round "?"]
[White "Toth, Bela"]
[Black "Kortschnoj, Viktor Lvovich"]
[Result "0-1"]
[WhiteElo "2395"]
[BlackElo "2635"]
[PlyCount "75"]
[EventDate "1997.??.??"]
[EventType "team-tourn"]
[EventRounds "9"]
[EventCountry "SUI"]
[SourceTitle "EXT 1999"]
[Source "ChessBase"]
[SourceDate "1998.11.16"]
[SourceVersion "1"]
[SourceVersionDate "1998.11.16"]
[SourceQuality "1"]

1. d4 Nf6 2. c4 e6 3. Nc3 Bb4 4. e3 b6 5. Nge2 O-O 6. a3 Bxc3+ 7. Nxc3 d5 8.
cxd5 exd5 9. Bd3 a5 10. O-O Ba6 11. Bxa6 Nxa6 12. f3 c5 13. e4 dxe4 14. d5 exf3
15. Qxf3 Ne8 16. Bf4 Nd6 17. Rad1 Nc7 18. Qg3 Nce8 19. Rfe1 Ra7 20. Bg5 f6 21.
Bf4 Rd7 22. Qh3 g5 23. Bxd6 Nxd6 24. Re6 b5 25. Qf3 f5 26. a4 b4 27. Nb5 Ne4
28. d6 c4 29. Qe3 Re8 30. Rxe8+ Qxe8 31. Qd4 Qe6 32. Nc7 Qf7 33. Nb5 c3 34.
bxc3 bxc3 35. Rf1 Qe6 36. Qd3 Kg7 37. Qd4+ Qf6 38. Qc4 0-1

[Event "St Petersburg"]
[Site "St Petersburg"]
[Date "1997.04.17"]
[Round "1"]
[White "Tseitlin, Mark D"]
[Black "Kortschnoj, Viktor Lvovich"]
[Result "0-1"]
[WhiteElo "2505"]
[BlackElo "2635"]
[Annotator "Donev,I"]
[PlyCount "66"]
[EventDate "1997.??.??"]
[EventType "tourn"]
[EventRounds "11"]
[EventCountry "RUS"]
[EventCategory "14"]
[SourceTitle "CBM 059"]
[Source "ChessBase"]
[SourceDate "1997.08.01"]
[SourceVersion "1"]
[SourceVersionDate "1997.08.01"]
[SourceQuality "1"]

1. e4 {Petursson} e6 2. d4 d5 3. Nd2 c5 4. Ngf3 c4 $5 {Die Kortchnoi
Spezialvariante! Die Idee ist einfach: Schwarz bekommt mehr Raum am
Damenflügel und gleichzeitig engt er den Bf1 ein. Das kostet natürlich Zeit
und die Spannung im Zentrum ist aufgehoben. (der d4 Bauer ist nicht mehr
angegriffen). Der weiße Plan ist hier, die Spitze der schwarzen Bauernkette
durch b3 zu untergraben oder Druck (nachdem Abtausch ed5) gegen den d5 Bauern
zu organisieren.} 5. Be2 Nc6 6. O-O Bb4 7. c3 Ba5 8. Qc2 Nge7 9. b3 cxb3 10.
axb3 O-O 11. Bd3 Ng6 12. Ba3 Re8 13. e5 Bd7 14. h4 Rc8 15. h5 Nf4 16. g3 $2 (
16. Bxh7+ $142 Kh8 17. Nb1 $1 (17. Bb2 $2 Ne2+ 18. Kh2 Ncxd4) (17. Rae1 $2 Nxd4
18. Nxd4 Qg5) 17... Nxh5 (17... Nxg2 18. Kxg2 Nxd4 19. cxd4 Rxc2 20. Bxc2 $16)
(17... Bb6 18. Qd2 Nh3+ 19. gxh3 Kxh7 20. Qf4 $16) 18. g3 (18. Bc1 $1 $13 {
Petursson}) 18... Bb6 (18... g6 $2 19. Bxg6 fxg6 20. Qxg6 Ng7 21. Ng5 $18) 19.
Bg6 $1 fxg6 20. Qxg6 $16 {Weiß gewinnt die geopferte Figur mit Zinsen zurück.})
16... Nxd4 $1 {[%cal Yc8c3,Ya5c3]} (16... Nh3+ $5 {Petursson with the same
idea, also came into consideration:} 17. Kg2 Nxd4 18. Nxd4 Bxc3 19. Ra2 Bxd4
20. Bxh7+ Kh8 21. Qd3 Qb6 22. Kxh3 Bb5 $19) 17. Nxd4 Bxc3 $17 {[%cal Yc3a1,
Yc3d4]} 18. N4f3 (18. gxf4 {Petursson} Bxa1 19. Bxh7+ (19. Rxa1 Rxc2 20. Bxc2
Qh4 $19) 19... Kh8 20. Qd3 Bxd4 21. Qxd4 Kxh7 $19) 18... Bxa1 19. Bxh7+ Kh8 20.
Qd1 Nh3+ 21. Kg2 Kxh7 $19 22. Qxa1 Ng5 {Black is winning, as White has nothing
to show for the exchange and a pawn. Die taktische Operation, mit 16...Nd4!
begonnen, ist schließlich mit schwarzem Materialvorteil beendet. Der Rest ist
reine Technik, in der mein Mannschaftkollege (SG Zürich) keine blöse zeigte.}
23. Bc1 Bb5 24. Re1 d4 $1 {Räumt das Feld d5 für die Dame.} 25. Nxd4 Qd5+ 26.
Kh2 Red8 27. Bb2 Kg8 28. Qd1 f5 29. exf6 e5 30. Qg4 (30. Nxb5 Qxd2 31. Qxd2
Rxd2 $19) 30... exd4 $19 31. h6 gxh6 32. Re7 Rd7 33. Rg7+ Kh8 0-1

[Event "St Petersburg"]
[Site "St Petersburg"]
[Date "1997.04.23"]
[Round "7"]
[White "Kortschnoj, Viktor Lvovich"]
[Black "Svidler, Peter"]
[Result "1-0"]
[WhiteElo "2635"]
[BlackElo "2640"]
[Annotator "Kortschnoj,V"]
[PlyCount "61"]
[EventDate "1997.??.??"]
[EventType "tourn"]
[EventRounds "11"]
[EventCountry "RUS"]
[EventCategory "14"]
[SourceTitle "CBM 059"]
[Source "ChessBase"]
[SourceDate "1997.08.01"]
[SourceVersion "1"]
[SourceVersionDate "1997.08.01"]
[SourceQuality "1"]

{Khalifman: The game between the oldest and the youngest participants (age
difference-45 years) was highly expected. I don't want to explain once more
what the name Kortschnoj means in our city and young sociable Peter who had
already proved his chess strength first of all winning 2 Russian Championship
titles has also enough fans in St-Petersburg. After 6 rounds both were at 50%
- just 1 point behind the leader so both had some expectations.Tournament
fortune was, however, completely different.} 1. d4 {Huzman} Nf6 2. c4 g6 3. Nc3
Bg7 4. e4 O-O 5. Be2 d6 6. Nf3 e5 7. O-O Nbd7 8. Be3 Qe7 9. Qc2 Ng4 10. Bg5 f6
11. Bd2 c6 12. d5 $1 $14 (12. h3 {Huzman} Nh6 13. b4 f5 $132) 12... f5 (12...
c5 $6 13. Nb5 Nb6 14. b4 a6 15. bxc5 $16) 13. Ng5 $1 $146 {Khalifman: Bad
surprise for Black! Korchnoj just didn't remember his own game. As a matter of
fact, the text move is an important improvement which pushes Black directly on
the ropes.After the game Svidler was shocked. He told me later: "Look what's
going on: in 1984 Kortschnoj played quite well, now he plays even better, so
what will happen in 2010 ?"} (13. exf5 $5 gxf5 14. Ng5 Ndf6 15. f3 Nh6 16. Bd3
c5 17. Rae1 Z0 18. f4 e4 19. Ncxe4 $40 {Kortschnoj-Mestel/Beersheva/1984 /})
13... Ndf6 $6 (13... Nc5 $6 14. b4 Nxe4 (14... Na6 15. a3 $16 (15. dxc6 bxc6
16. b5 $16 {Khalifman})) 15. Ngxe4 fxe4 16. dxc6 bxc6 17. Qxe4) (13... Nb6 $1
$14) 14. f3 Nh6 15. c5 $1 cxd5 (15... dxc5 16. dxc6 b6 (16... bxc6 17. Na4 Nd7
$6 (17... Rd8 {Huzman} 18. Be3 $16) 18. Ne6 $16) 17. Nd5 Qd6 (17... Nxd5 18.
exd5 $14) 18. Rad1 $14) 16. Nxd5 (16. exd5 $5 {Huzman} dxc5 17. Bc4 Kh8 18.
Rfe1 $44) 16... Nxd5 17. Bc4 $16 (17. exd5 {Huzman} dxc5 18. Bc4 Kh8 19. Rfe1
$36) 17... f4 18. Bxd5+ Kh8 19. h4 (19. c6 {Huzman} bxc6 20. Bxc6 Rb8 21. h4
Ng8 $17 {[%cal Gh7h6]}) 19... dxc5 20. Rac1 Ng8 21. Qxc5 h6 22. Qxe7 Nxe7 23.
Nf7+ (23. Ne6 {Huzman} Nxd5 24. exd5 (24. Nxf8 Ne7 25. Rc7 Bxf8 {[%cal Ge7c6]})
24... Bxe6 25. dxe6 Rfe8 26. Rc7 Rxe6 27. Rxb7 Rb6 28. Rxb6 axb6 29. a3 e4 30.
fxe4 g5 $11) 23... Kg8 (23... Kh7 24. Bb4 Re8 (24... Nxd5 25. Bxf8 Ne3 26. Rc7
Bxf8 27. Rfc1 $18) 25. Nd6 Rd8 (25... Nxd5 26. Nxe8 Nxb4 27. Rc7 Kg8 28. Rxg7+
Kf8 29. Nc7 $18) 26. Bxb7 Rb8 27. Nxc8 Nxc8 28. Ba5 $16) 24. Bb3 $1 (24. Nxh6+
Kh7 25. Ng4 $1 (25. Nf7 Nxd5 26. Ng5+ Kg8 27. exd5 Rd8 28. Rc5 b6 29. Rc6 Rxd5
30. Bc3 Bf5 31. Ne4 Rc8 $11) 25... Rd8 26. Rc7 Nxd5 27. exd5 Kg8 $1 (27... Bxg4
$2 28. fxg4 Rxd5 29. Bc3 b5 30. g3 $1 $16) 28. Bc3 Rxd5 29. Re1 Bxg4 30. fxg4
b5 $14) 24... Rxf7 25. Rc7 Bf6 (25... Bf8 26. Bb4 Kg7 27. Rfc1 a5 28. Bd6 $18)
(25... Kf8 {Huzman} 26. Bb4 Bf6 27. Rfc1 a5 28. Ba3 $16) 26. Bb4 Kg7 27. Rfc1
a5 28. Ba3 $1 (28. Bd6 $2 Ra6) 28... b5 29. Bc5 (29. Bxf7 $2 {Huzman} b4 30.
Bd5 Rb8) 29... Ba6 30. Bxf7 Kxf7 31. h5 $1 (31. h5 gxh5 32. Bxe7 Bxe7 33. R1c6
Kf8 34. Rxh6 $18) 1-0

[Event "St Petersburg"]
[Site "St Petersburg"]
[Date "1997.04.25"]
[Round "9"]
[White "Kortschnoj, Viktor Lvovich"]
[Black "Sakaev, Konstantin"]
[Result "1-0"]
[WhiteElo "2635"]
[BlackElo "2580"]
[Annotator "Psakhis,L"]
[PlyCount "55"]
[EventDate "1997.??.??"]
[EventType "tourn"]
[EventRounds "11"]
[EventCountry "RUS"]
[EventCategory "14"]
[SourceTitle "CBM 059"]
[Source "ChessBase"]
[SourceDate "1997.08.01"]
[SourceVersion "1"]
[SourceVersionDate "1997.08.01"]
[SourceQuality "1"]

1. d4 Nf6 2. c4 e6 3. Nc3 Bb4 4. e3 c5 5. Nge2 cxd4 6. exd4 d5 7. c5 Ne4 8. g3
$5 {N/ Another novelty from Great Victor. Real value of this idea will be
clear in future, but in this game it works great. N/ Anothe} O-O (8... Qf6 9.
Bf4 (9. f4 $5) 9... Nc6 (9... g5 10. Be3 Qf3 11. Rg1) 10. Bg2 Nxd4 $140 11.
Qxd4 (11. Bxe4 Nxe2 12. Qa4+ Bd7 13. Qxb4 Nxc3 14. Qxb7 Rc8) 11... Qxd4 12.
Nxd4 Nxc3 13. Nc2 Nxa2+ 14. Ke2 Bxc5 15. Rxa2 $14) 9. Bg2 b6 10. O-O Bxc3 (
10... Nxc3 $5 11. bxc3 (11. Nxc3 $2 bxc5) 11... Ba5 12. c4 Ba6 $13) 11. Nxc3
Nxc3 12. bxc3 Ba6 13. Re1 bxc5 (13... Bc4 $5) 14. dxc5 {[%cal Yc1e3,Ye3d4,
Yc1f4,Yf4d6] Of course, white,s pawn stracture is not perfect, but past pawn
and strong bishop on c1 will be enough compensation for it.} Qa5 15. Be3 (15.
Bxd5 $2 exd5 16. Qxd5 Bb5 $1 17. Qxa8 Bc6 $19) 15... Nc6 {Deserves attention} (
15... Nd7 16. Bd4 Nxc5 17. Qg4 g6 18. Qh4 Nd7 $5 (18... f6 19. Bxf6 $16) 19.
Qe7 (19. Qh6 e5 20. Bxe5 (20. Rxe5 Nxe5 21. Bxe5 f6) 20... Nxe5 21. Rxe5 Qxc3
22. Rae1 Bc4 $15) 19... Qd8 (19... e5 20. Rxe5 $1 $18) 20. Rxe6 $1 Bc4 $14) 16.
Qg4 Bc4 (16... Ne5 $5 17. Qb4 Nc6 $5 $13) 17. Bd4 Nxd4 18. cxd4 Rab8 19. Qf4
Rb2 20. a3 g6 $2 {[%csl Rf6,Rh6] Weakened black squares on king side without
spesial reasons. Stronger is} (20... h6 $5) (20... Qd2 21. Re3) 21. h4 $1 Qd2
22. Qf6 Rfb8 23. c6 $1 {[%cal Rc6c8] Pawn moves- bad mark for Black!} Re8 (
23... Qa5 24. Rxe6 $1 (24. h5 Qd8 25. Qe5 Rc8 26. Rab1 Rb6 $1) 24... fxe6 25.
Bh3 Re8 26. Bxe6+ Rxe6 27. Qxe6+ Kg7 28. Qe7+ Kh6 29. c7 Ba6 30. Re1 $18) 24.
c7 $1 Qa5 (24... Rc2 $5 25. Rad1 Qa5 (25... Qc3 26. Re3) 26. h5 (26. Rxe6 fxe6
27. c8=Q Rxc8 28. Qxe6+ Kg7 29. Qxc8 Qxa3 30. Qd7+ (30. Bxd5 $5) 30... Kf8 31.
Qxh7) 26... Qxc7 27. h6 Kf8 28. Re3 $1 (28. Re5 $5 Qd6 (28... Re2 29. Rxe2 Bxe2
30. Re1 $16)) 28... Be2 29. Bxd5 Bxd1 30. Bxe6 Re2 31. Qg7+ Ke7 32. Bxf7+ Rxe3
33. Bxe8+ Kd8 34. Qxc7+ Kxc7 35. fxe3 $18) 25. h5 $1 Qxc7 26. h6 Kf8 27. Re3
Re2 (27... Be2 28. Bh3 $1 (28. Bxd5 $5) 28... Qc6 29. Re1 $18) 28. Rf3 1-0

[Event "Hoogovens"]
[Site "Wijk aan Zee"]
[Date "1997.01.23"]
[Round "5"]
[White "Kortschnoj, Viktor Lvovich"]
[Black "Short, Nigel D"]
[Result "1-0"]
[WhiteElo "2635"]
[BlackElo "2690"]
[Annotator "Hansen,Cu"]
[PlyCount "123"]
[EventDate "1997.01.18"]
[EventType "tourn"]
[EventRounds "13"]
[EventCountry "NED"]
[EventCategory "16"]
[SourceTitle "CBM 057"]
[Source "ChessBase"]
[SourceDate "1997.04.01"]
[SourceVersion "1"]
[SourceVersionDate "1997.04.01"]
[SourceQuality "1"]

1. d4 d5 2. c4 c6 3. Nf3 Nf6 4. Nc3 a6 5. Qb3 e6 6. Bg5 Be7 7. e3 O-O 8. Be2
dxc4 9. Bxc4 b5 10. Be2 Nbd7 11. a4 b4 12. Bxf6 Nxf6 13. Nb1 c5 14. dxc5 Bxc5
15. Nbd2 Bb7 16. Nc4 Bd5 17. O-O Ne4 18. Qc2 Rc8 19. Bd3 f5 20. Qe2 a5 21. Nce5
Bd6 22. Bc4 Bxe5 23. Nxe5 Bxc4 24. Nxc4 Qc7 25. Rac1 Rfd8 26. b3 $6 (26. h3 Nc5
27. Rfd1 $15) 26... Nc3 $17 {[%csl Gc3][%cal Yc3d1]} 27. Qf3 Rd5 28. g4 {
White is trying to get some counterplay} Rf8 29. Kh1 f4 30. e4 Rd4 31. Rfe1 e5
32. g5 Re8 33. Qg2 g6 34. f3 Re6 35. h4 Rc6 36. Qg4 Rdxc4 $1 37. bxc4 Qc8 $1
38. Qxc8+ Rxc8 39. Kg2 Kf7 $19 {[%csl Gc3] White cannot use his rooks. He has
been strategically outplayed. Black is winning} 40. Rc2 Rxc4 41. Rec1 Ke6 42.
h5 Kd6 43. h6 Kc6 44. Kf1 Rc5 45. Ra1 Nxe4 46. Rxc5+ Nxc5 47. Ke2 Nb3 48. Rb1
Nd4+ 49. Kd3 Kd5 50. Rc1 Nxf3 51. Rc7 e4+ 52. Ke2 Nxg5 53. Ra7 {White has
managed to activate his R and even though black has strong passed pawns in the
center he now has to play very accurate because the R is much  stronger in
this kind of endgame than the N.} Kd4 54. Rxa5 f3+ 55. Ke1 Ne6 $2 (55... Nf7 $1
56. Rb5 (56. Ra7 Nxh6 57. Rxh7 b3 58. a5 e3 59. a6 Nf5 $19 {/\60. - Sg3/60. -
f2+}) 56... Kc4 57. Rb7 Nxh6 58. a5 e3 59. a6 Nf5 60. Rf7 b3 $1 $19) 56. Ra7
Nc5 57. Rxh7 Nd3+ 58. Kd1 e3 $4 (58... b3 $1 59. a5 (59. Re7 {[]} Ke3 60. h7 f2
61. Rf7 Nf4 62. Rxf4 Kxf4 (62... b2 63. Kc2 Kxf4 64. h8=Q b1=Q+ 65. Kxb1 f1=Q+
66. Ka2 {Also here black is better but still has to prove the win}) 63. Ke2 b2
64. h8=Q f1=Q+ 65. Kxf1 b1=Q+ 66. Ke2 {Black is of course better but it is not
clear to me whether he can win}) 59... e3 60. Rd7+ Kc3 61. Rc7+ Kb2 62. Re7 Ka2
$19) 59. Re7 $1 $18 {Suddenly it is white who is winning} f2 60. Ke2 Nf4+ 61.
Kf1 Nh5 62. Rf7 1-0

[Event "Ubeda"]
[Site "Ubeda"]
[Date "1997.02.20"]
[Round "11"]
[White "Kortschnoj, Viktor Lvovich"]
[Black "Timman, Jan H"]
[Result "1-0"]
[WhiteElo "2635"]
[BlackElo "2630"]
[Annotator "Psakhis,L"]
[PlyCount "71"]
[EventDate "1997.02.07"]
[EventType "tourn"]
[EventRounds "11"]
[EventCountry "ESP"]
[EventCategory "16"]
[SourceTitle "CBM 058"]
[Source "ChessBase"]
[SourceDate "1997.06.01"]
[SourceVersion "1"]
[SourceVersionDate "1997.06.01"]
[SourceQuality "1"]

1. d4 {Knaak} Nf6 2. c4 e6 3. Nc3 Bb4 4. e3 b6 5. Nge2 c5 6. a3 Ba5 7. Rb1 Na6
8. Ng3 {Fashionable move, but I suspect, that "old' 8.Bd2 is stronger.} Bb7 (
8... O-O 9. Bd3 cxd4 10. exd4 Bxc3+ 11. bxc3 d5 12. cxd5 Qxd5 13. Qe2 Nc7 14.
Ne4 Nfe8 15. Bb2 f5 16. c4 $36 {1-0 Nenashev,A-Mozalev,S/St.Petersburg
Chigorin 1996 (32)}) 9. Bd3 {Pawn sacrifice, with unclear consequences.
Deserves attention modest} (9. f3 $5) 9... Bxc3+ (9... h5 $5 10. d5 $5 exd5 11.
Nf5 Qb8 12. cxd5 g6 13. Ng3 Nxd5 14. Bd2 Nxc3 15. bxc3 Qe5 16. f4 Qe7 $132 {
1/2-1/2 Vaiser,A-Serper,G/Novosibirsk 1993 (66)}) 10. bxc3 Bxg2 {Also very
interesting will be to check 10... h5!?} 11. Rg1 Bb7 12. e4 d6 13. Nh5 (13. Bf4
$5) 13... Nxh5 (13... Nxe4 $4 {Lose by force after} 14. Nxg7+ Kd7 (14... Ke7
15. Qf3 f5 16. Bg5+ $1 Nxg5 17. Qxb7+ $18) 15. Bxe4 $1 (15. Qf3) 15... Bxe4 16.
Qa4+ Kc7 (16... Ke7 17. Qxa6 Bxb1 18. Bg5+ f6 19. Qb7+ Qd7 20. Bxf6+ $18) 17.
Qxa6 Bxb1 18. Nxe6+ fxe6 19. Rg7+ Qd7 20. Rxd7+ Kxd7 21. Qb7+ $18) 14. Qxh5 Qf6
15. Rg3 $6 {This slow move gives Timman the chance to close the position.
Stronger was a break in the centre.} (15. e5 $5 dxe5 16. dxe5 g6 (16... Qe7 17.
Rxg7) (16... Qf3 17. Qxf3 Bxf3 18. Rxg7 Rd8 19. Bc2) 17. exf6 gxh5 18. Bh6 {
with good compensation for a pawn.}) 15... e5 16. d5 (16. dxe5 $6 dxe5 17. Rg5
$6 O-O-O $1 $19) 16... h6 17. a4 $1 g6 18. Qd1 Bc8 (18... Nb8 19. a5 Nd7 20.
Bc2 $5 $44) 19. a5 Qd8 (19... Rb8 $5 $15) 20. Kf1 Nb8 $6 {Why not simple 20...
ba ?!} (20... bxa5 $142) 21. Qa4+ Qd7 22. Qa2 bxa5 23. Qxa5 Qd8 24. Qa4+ Kf8
25. Kg1 Kg7 26. f4 $1 a5 (26... Qf6 27. f5 $5 (27. fxe5 Qxe5 28. Bd2 a5 29. Rf1
$36) 27... a5 28. Bd2 Bd7 29. Qb3 a4 30. Qb7 Ra6 31. Rf1 $40) 27. fxe5 dxe5 28.
Be3 Nd7 29. Rf1 Qe7 30. Rgf3 Rf8 (30... f6 $5) 31. R1f2 Ra6 32. Bc2 Qd6 33. Qa1
a4 $5 (33... f6 34. Ba4 Qc7 35. Bb5 Rd6 36. Ra2) 34. Bxa4 Nb6 $4 $138 (34... f5
$5 35. exf5 Rxf5 36. Rxf5 (36. Qd1 Nf6 37. Bc2 Rxf3 38. Qxf3 Bg4 39. Qg3 Ra1+
40. Kg2 Bh5 $13) 36... gxf5 37. Qd1 Nf6 $132) 35. Rf6 $1 Rxa4 (35... Qe7 36.
Qc1 $1 Nxa4 37. Bxh6+ Kg8 38. Bxf8 Qxf8 (38... Kxf8 {Knaak} 39. Qh6+ Kg8 40.
Rxf7 Qxf7 41. Rxf7 Kxf7 42. Qh7+ Ke8 43. Qh8+ Kd7 44. Qxe5 $18) 39. Rxa6 Bxa6
40. Qa3 (40. Ra2 $18) 40... Qe8 41. Ra2 $18) (35... Qxf6 36. Rxf6 Kxf6 37. Qf1+
Kg7 38. Bb5 $18 (38. Bb5 {Knaak} Ra2 39. Bxc5 $18)) 36. Bxh6+ $1 (36. Bxh6+ Kg8
37. Qb1 $18) 1-0